| 000 | 00532nam a22002057a 4500 | ||
|---|---|---|---|
| 003 | koha_MIRAKIL | ||
| 005 | 20231213100011.0 | ||
| 008 | 231213b |||||||| |||| 00| 0 ||| d | ||
| 020 | _b978-9-94434397-8 | ||
| 040 |
_aTR-IsEVY _btur _cTR-IsEVY |
||
| 082 | _a891.55 KER/T | ||
| 100 | _aKermani, Houshang Moradi. | ||
| 245 | 0 |
_aTesti _bbir yardımlaşma örneği |
|
| 250 | _a2. bs. | ||
| 260 |
_bKelime Yayınları, _c2015 |
||
| 300 | _a144 s. | ||
| 650 | _aİran romanı. | ||
| 650 | _aIranian fiction. | ||
| 942 |
_2ddc _cBK |
||
| 999 |
_c12885 _d12885 |
||